000 00595nam a22002057a 4500
999 _c202
_d202
003 AR-CdUCM
008 190222b ||||| |||| 00| 0 spa d
040 _aMUNICIPALIDAD PROVINCIAL DEL CUSCO
_cBIBLIOTECA MUNICIPAL DEL CUSCO
082 _26 ed.
_a869.26 /
_bC77
100 _aCortázar, Julio
_9909
245 _aFinal del juego /
260 _aBuenos Aires :
_bSudamericana,
_c1968.
300 _a195 páginas ;
_c18 cm.
500 _acuentos
650 _aCuentos angentinos
_9910
650 _aSiglo XX
_98
650 _aArgentina
_9511
942 _2ddc
_cLIBROS
945 _araen
_d2019-02-22